| 000 | 00303 a2200121 4500 | ||
|---|---|---|---|
| 999 |
_c321909 _d321909 |
||
| 001 | 86836 | ||
| 003 | NUST | ||
| 005 | 20180124094952.0 | ||
| 008 | 180124b xxu||||| |||| 00| 0 eng d | ||
| 082 | _a923.2 RAS | ||
| 100 |
_aSheikh Rasheed Ahmed _99644 |
||
| 245 |
_aFarzand-e-Pakistan _hUrdu |
||
| 260 |
_aLahore _bRomail House of Publishers _c2013 |
||
| 300 | _aviii+208p. | ||
| 942 |
_aCAE NUST _cBK _k923.2 RAS _2ddc |
||